Basel II a problémy implementace nedořešené otázky implementace nového konceptu kapitálové přiměřenosti
Príprava implementácie nového konceptu kapitálovej primeranosti Bazilej II. Niektoré otázky a konkrétne problémy spojené s implementáciou. V Európskej únii bude dohoda Basel II zavedená formou direktívy - Direktíva o kapitálových požiadavkách (Capital Requirements Directive, CRD). Problémy s direkt...
Na minha lista:
| Autor principal: | |
|---|---|
| Formato: | Capítulo de Livro |
| Idioma: | tcheco |
| Assuntos: | |
| Tags: |
Sem tags, seja o primeiro a adicionar uma tag!
|
MARC
| LEADER | 00000naa$a2200000$$$4500 | ||
|---|---|---|---|
| 001 | 0028596 | ||
| 005 | 20231010083927.5 | ||
| 041 | 0 | |a cze | |
| 044 | |a CZ | ||
| 245 | 1 | 0 | |a Basel II a problémy implementace |b nedořešené otázky implementace nového konceptu kapitálové přiměřenosti |c Guido Ravoet |
| 520 | |a Príprava implementácie nového konceptu kapitálovej primeranosti Bazilej II. Niektoré otázky a konkrétne problémy spojené s implementáciou. V Európskej únii bude dohoda Basel II zavedená formou direktívy - Direktíva o kapitálových požiadavkách (Capital Requirements Directive, CRD). Problémy s direktívou. | ||
| 610 | 2 | 0 | |a primeranosť kapitálová |
| 610 | 2 | 0 | |a banky |
| 610 | 2 | 0 | |a projekty |
| 610 | 2 | 0 | |a Bazilej II |
| 610 | 2 | 0 | |a Európska únia |
| 610 | 2 | 0 | |a smernice |
| 100 | 1 | |a Ravoet, Guido | |